LEADER 00827nam0-22003131i-450- 001 990002000800403321 005 20040429111520.0 035 $a000200080 035 $aFED01000200080 035 $a(Aleph)000200080FED01 035 $a000200080 100 $a20030910d1930----km-y0itay50------ba 101 0 $aita 102 $aIT 105 $ay---a---001yy 200 1 $a<>obiettivo fotografico$fDomenico Argentieri 210 $aMilano$cUlrico Hoepli$d1930 215 $a169 p.$d15 cm 610 0 $aLaboratorio$aTecniche 610 0 $aFotografia 676 $a770.28 700 1$aArgentieri,$bDomenico$03022 801 0$aIT$bUNINA$gRICA$2UNIMARC 901 $aBK 912 $a990002000800403321 952 $a61 I A.6/092$b1611$fDAGEN 959 $aDAGEN 996 $aObiettivo fotografico$9403264 997 $aUNINA LEADER 01037cam0 22002411 450 001 SOBE00062300 005 20190612140141.0 100 $a20190612d1983 |||||ita|0103 ba 101 $aita 102 $aIT 200 1 $a<>chiavi della conoscenza nell'era dello Spirito Santo con la parusia$edodicesimo libretto$eper la celeste milizia dello Spirito Santo della Chiesa universale giuris-davidica$fElvira Giro$gtratte da La mia lotta con Dio, ossia Il libro dei sette sigilli di David Lazzaretti 210 $aRoma$cLa torre davidica$d1983 215 $a40, [8] p.$d23 cm 700 1$aGiro$b, Elvira$3SOBA00015140$4070$0466712 801 0$aIT$bUNISOB$c20190612$gRICA 850 $aUNISOB 852 $aUNISOB$j200|Opusc$m38855 912 $aSOBE00062300 940 $aM 102 Monografia moderna SBN 941 $aM 957 $a200|Opusc$b000008$gSI$d38855$rdono$1bethb$2UNISOB$3UNISOB$420190612140053.0$520190612140124.0$6bethb 996 $aChiavi della conoscenza nell'era dello Spirito Santo con la parusia$91729978 997 $aUNISOB